Quick Pick: Mission Possible Quiz Stats

 Plays Quiz Updated Mar 3, 2019

Score 0/10 Timer 01:30
0 Plays Today
% Correct
ad-
93.4%
per-
88.4%
sub-
87.6%
inter-
85.6%
e-
84.1%
trans-
82.9%
re-
82.8%
o-
82.5%
manu-
21.8%
read-
14.7%

Today's Daily Dose

Missing Word
Sherlocks

Word Ladder
King of the Hill

Quick Pick
Songs in Pink

Get the Picture
NBA Teammates

You're not logged in!

Compare scores with friends on all Sporcle quizzes.
OR
Log In

Sporcle TV

Today on Sporcle TV


Watch our educational content, quiz creation guides, and fun videos on Sporcle TV.

Show Comments

Extras

Top Quizzes Today


Score Distribution

Your Account Isn't Verified!

In order to create a playlist on Sporcle, you need to verify the email address you used during registration. Go to your Sporcle Settings to finish the process.

Report this User

Report this user for behavior that violates our Community Guidelines.

Details: